| 000 | 00479cam a2200193ua 4500 | ||
|---|---|---|---|
| 001 | 8927 | ||
| 005 | 20260515114414.0 | ||
| 008 | 150218n ii |||gr||||Z||||||asm | ||
| 040 | _cMAIN | ||
| 041 | _aasm | ||
| 082 | _a891.4514 | ||
| 100 |
_aBorgohain, N., _eAuthor. |
||
| 245 | 1 |
_aBiswas aru sanasayar majedi _cBy N. Borgohain |
|
| 250 | _a1st. | ||
| 260 |
_aGuwahati: _bHimalaya, _c1995. |
||
| 300 | _a284p. | ||
| 653 | _aEast Indo-European & Celtic literatures | ||
| 942 | _cBK | ||
| 999 |
_c8014 _d8014 |
||